000 01154nam a2200229 i 4500
001 155480
003 ES-MaACL
005 20251114151138.0
008 040812s1853 fr |||| | fre d
040 _aCAM
_bspa
_cCAM
245 0 2 _aL'histoire notable de la Floride
_b: situèe es Indes Occidentales /
_ccontenant les trois voyages faits en icelle par certains capitaines et pilotes françois, descrits par le capitaine Laudonnière, qui y a commandé l'espace d'un an trois moys ; à laquelle a esté adjousté un quatriesme voyage fait par le capitaine Gourgues ; mise en lumière par M. Basanier.
260 _aParis :
_bchez P. Jannet,
_c1853 (
_fImp. de Guiraudet et Jouaust)
300 _aXVI, 228 p. ;
_c17 cm.
490 1 _aBibliothèque Elzevirienne ;
_v53
651 4 _aFlorida (EEUU)-
_xHistoria.
_9137162
700 1 _aLaudonnière, René de Goulaine de,
_d15..?-1572?
_9167463
700 1 _aGourgues, Dominique de (
_d1530?-1593)
_9167464
700 1 _aBasanier, Martin,
_d15..-16..?
_9167465
830 0 _aBibliothèque Elzevirienne ;
_v53
_9180979
852 _aES-MaACL
_jG-2307(1)
_z-- Enc. tela
999 _c155480
_d155480